عرض عادي عرض مارك
  • عباس، إحسان

مدخل إسم شخص

عدد التسجيلات المستخدمة في: 2

001 - رقم الضبط

  • حقل الضبط: 1037

003 - معرف رقم الضبط

  • حقل الضبط: OSt

005 - تاريخ ووقت أخر عملية

  • حقل الضبط: 20110719001224.0

008 - عناصر بيانات ثابتة الطول

  • حقل تحكم ثابت الطول: 110719|||a|||||| | ||| d

040 ## - مصدر الفهرسة

  • هيئة الفهرسة الأصلية: OSt
  • وكالة الكتابة: OSt

100 ## - مدخل -- أسم شخص

  • إسم شخص: عباس، إحسان
  • مصطلح الرابط: مترجم.

670 ## - بيانات المصدر موجوده

  • الاستشهاد بالمصدر: Work cat.: (OSt)5236: هايمن، ستانلي. 1036, النقد الأدبي ومدارسه الحديثة /, 1981